Misch's Contemporary Implant Dentistry (Record no. 32865)

MARC details
000 -LEADER
fixed length control field 00362nam a22001577a 4500
003 - CONTROL NUMBER IDENTIFIER
control field SGT
020 ## - INTERNATIONAL STANDARD BOOK NUMBER
International Standard Book Number 9788131262832
082 ## - DEWEY DECIMAL CLASSIFICATION NUMBER
Classification number 617.6
Item number M24R
100 ## - MAIN ENTRY--PERSONAL NAME
Personal name Resnik, Randolph R.
245 ## - TITLE STATEMENT
Title Misch's Contemporary Implant Dentistry
250 ## - EDITION STATEMENT
Edition statement 4th South Asia
260 ## - PUBLICATION, DISTRIBUTION, ETC. (IMPRINT)
Name of publisher, distributor, etc Elsevier
Year of Publication 2024
300 ## - PAGE DESCRIPTION
No. of Pages 1241
650 ## - SUBJECT ADDED ENTRY--TOPICAL TERM
Topical term or geographic name as entry element Implant Dentistry
942 ## - ADDED ENTRY ELEMENTS (KOHA)
Source of classification or shelving scheme Dewey Decimal Classification
Koha item type Books
Holdings
Withdrawn status Lost status Source of classification or shelving scheme Damaged status Use restrictions Not for loan Home library Current library Shelving location Date acquired Vendor Name Cost, normal purchase price SGTU Bill Number Full call number Accession No. (Barcode) Date last seen Bill Date Koha item type Total Checkouts Date last borrowed
    Dewey Decimal Classification   Restricted Access Not For Loan SGT Dental Library SGT Dental Library On Display 24/10/2025 Ahuja Book Co. Pvt. Ltd. 7285.00 SGTU 21713 617.6 M24R FD10021 24/10/2025   Books    
    Dewey Decimal Classification   Restricted Access Not For Loan SGT Dental Library SGT Dental Library Reference Book 24/10/2025 Ahuja Book Co. Pvt. Ltd. 7285.00 SGTU 21713 617.6 M24R FD10022 24/10/2025   Books    
    Dewey Decimal Classification   Restricted Access Not For Loan SGT Dental Library SGT Dental Library Reference Book 24/10/2025 Ahuja Book Co. Pvt. Ltd. 7285.00 SGTU 21713 617.6 M24R FD10023 24/10/2025   Books    
    Dewey Decimal Classification       SGT Dental Library SGT Dental Library Text Book 24/10/2025 Ahuja Book Co. Pvt. Ltd. 7285.00 SGTU 21713 617.6 M24R FD10024 22/01/2026   Books 1 07/01/2026
    Dewey Decimal Classification       SGT Dental Library SGT Dental Library Text Book 24/10/2025 Ahuja Book Co. Pvt. Ltd. 7285.00 SGTU 21713 617.6 M24R FD10025 15/04/2026   Books 7 02/04/2026